000 00628nam a2200217Ii 4500
001 19188
003 CO-ViMGA
008 241108s9999||||xx |||||||||||||| ||und||
020 _a9789587580785
040 _aCO-ViMGA
_bspa
_erda
_cCO-ViMGA
041 0 _aspa
084 _aC MAR28t
100 1 _aDavid Martín del Campo
_946004
245 1 0 _aTú no existes :
_b(memorias de Ana Olor)
264 1 _aBogotá, Colombia : Alfaguara, 2014
300 _avolumen
336 _atext
_btxt
_2rdacontent
337 _aunmediated
_bn
_2rdamedia
338 _avolume
_bnc
_2rdacarrier
940 _aidficha_siabuc: 18845. -- ficha_no_siabuc:19188
999 _c40545
_d40545